Statistics for Movies by Letter - C

Click here to take the quiz!

General Stats

  • This quiz has been taken 28 times
  • The average score is 10 of 25

Answer Stats

HintAnswer% Correct
Animated ghost who first appeared in 1945Casper the Friendly Ghost
88%
Psychopathic doll of the Child's Play filmsChucky
88%
Don Vito's mobster familyCorleone
81%
The primary dance at the Moulin Rougecan-can
73%
Country whose film history is divided into six generationsChina
73%
Cousin of the above and star of Leaving Las VegasNicolas Cage
69%
Pioneer of the underwater documentaryJacques Cousteau
65%
Home of the Palais des Festivals et des CongrèsCannes
58%
Won the Best Original Screenplay Oscar for Lost in TranslationSofia Coppola
58%
City where Rick and Renault will have a beautiful friendshipCasablanca
54%
Disney's return to prestige films after World War IICinderella
42%
Woody Allen's musical instrumentclarinet
42%
Where Cary Grant hides from a crop-dusting assassincornfield
42%
Stephen King short story with killer kiddosChildren of the Corn
38%
Film in which Chow Yun-Fat speaks MandarinCrouching Tiger, Hidden Dragon
38%
Animated caveman family from DreamWorksThe Croods
35%
First Peanuts television specialA Charlie Brown Christmas
15%
New Wave director of Le Beau Serge and Les BichesClaude Chabrol
12%
Danced with Gene Kelly in Singin' in the RainCyd Charisse
12%
Director-star of Police StoryJackie Chan
12%
Best known for Le Sang d'un poète and Le Belle et la BêteJean Cocteau
12%
Cinema journal that the above wrote forCahiers du cinèma
8%
Mexican comedian who crossed into English by traveling around the world in 80 daysCantinflas
8%
Director whose first film was Yellow EarthChen Kaige
8%
Louis and Auguste Lumière's invention that gave the film industry its namecinematographe
8%

Score Distribution

Percentile by Number Answered

Percent of People with Each Score

Your Score History

You have not taken this quiz